| 000 | 00969nam a2200277 i 4500 | ||
|---|---|---|---|
| 003 | EG-GICUC | ||
| 005 | 20260216102449.0 | ||
| 008 | 260216s1947 us ||||fr ||| 00| 0 eng d | ||
| 040 |
_aEG-GICUC _cEG-GICUC _dEG-GICUC _erda _beng |
||
| 082 | 0 | 4 |
_221 _a341.3 _bDI . P |
| 092 | 0 | 4 | _221 |
| 099 | _aLaw1 11 341.3 DI . P 1947 | ||
| 110 |
_aDivision Of International Conferences _eAuthor. |
||
| 245 |
_aParticipation Of The United States Government In International Conferences / _cDivision Of International Conferences . |
||
| 264 | 0 |
_aWashington : _bUnited States Government Printing Office , _c1947 . |
|
| 300 |
_a232 Pages; _c30 cm. |
||
| 336 |
_atext _2rda content |
||
| 337 |
_aComputer _2rda media |
||
| 338 |
_aOnline Resource _2rda carrier |
||
| 546 | _aText in English | ||
| 650 | 0 | 4 | _aPublic International Law |
| 650 | 0 | 4 | _aInternational Relations |
| 856 | _uhttps://fll.law.cu.edu.eg/fulltext/th/B11-06796.pdf | ||
| 905 | _a59 | ||
| 942 |
_2ddc _cBK _e21 _n0 |
||
| 999 |
_c63187 _d63187 |
||